Bhutan : Poverty Reduction Strategy Paper.

Bhutan has evolved from a closed economy to a trading nation that exhibits a high degree of dependence on trade. Exports have grown rapidly but overall the country's trade deficit continues to widen owing to an even faster growth in the value of imports. The manufacturing and industry sector is...

وصف كامل

التفاصيل البيبلوغرافية
مؤلف مشترك: International Monetary Fund
التنسيق: دورية
اللغة:English
منشور في: Washington, D.C. : International Monetary Fund, 2010.
سلاسل:IMF Staff Country Reports; Country Report ; No. 2010/180
الوصول للمادة أونلاين:Full text available on IMF
LEADER 01508cas a2200241 a 4500
001 AALejournalIMF006554
008 230101c9999 xx r poo 0 0eng d
020 |c 5.00 USD 
020 |z 9781455207381 
022 |a 1934-7685 
040 |a BD-DhAAL  |c BD-DhAAL 
110 2 |a International Monetary Fund. 
245 1 0 |a Bhutan :   |b Poverty Reduction Strategy Paper. 
264 1 |a Washington, D.C. :  |b International Monetary Fund,  |c 2010. 
300 |a 1 online resource (534 pages) 
490 1 |a IMF Staff Country Reports 
500 |a <strong>Off-Campus Access:</strong> No User ID or Password Required 
500 |a <strong>On-Campus Access:</strong> No User ID or Password Required 
506 |a Electronic access restricted to authorized BRAC University faculty, staff and students 
520 3 |a Bhutan has evolved from a closed economy to a trading nation that exhibits a high degree of dependence on trade. Exports have grown rapidly but overall the country's trade deficit continues to widen owing to an even faster growth in the value of imports. The manufacturing and industry sector is constrained by various factors that impede its further development. FDI and joint ventures are some of the mechanisms that must be actively promoted to help jump start the process. 
538 |a Mode of access: Internet 
830 0 |a IMF Staff Country Reports; Country Report ;  |v No. 2010/180 
856 4 0 |z Full text available on IMF  |u http://elibrary.imf.org/view/journals/002/2010/180/002.2010.issue-180-en.xml  |z IMF e-Library